Queste̳s polm̊icas das medidas trabalhistas na pandemia do novocoronavr̕us

Detalles Bibliográficos
Autor principal: dos Santos, Ariane Joice
Formato: eBook
Lenguaje:portugués
Publicado: San Pablo: LTR, 2020
Materias:
Acceso en línea:Acceso restringido

MARC

LEADER 00000nam a22000007a 4500
005 20220218001659.0
007 cr|||| ||||
008 220218s2020 br |||||s|||| 00||0 por d
020 |a 978-65-5883-016-0 
035 |a 36127 
040 |a vLex 
090 |c 13037  |d 13037 
100 1 |a dos Santos, Ariane Joice 
245 1 0 |a  Queste̳s polm̊icas das medidas trabalhistas na pandemia do novocoronavr̕us  |h [Recurso electrn̤ico] /  |c Ariane Joice dos Santos 
256 |a Servicio en ln̕ea 
260 |a San Pablo:  |b LTR,  |c 2020 
300 |a 1 recurso electrn̤ico 
506 1 |a Disponible solo en los productos indicados  |d vLex Global  |d vLex Global (Academic Edition, excluding Law Schools)  |d vLex Global (U.S. Academic Edition, Law Schools)  |d vLex Global (U.S. Academic Edition, excluding Law Schools)  |d vLex Global (Academic Edition, Law Schools) 
650 0 4 |a Derecho Laboral y Seguridad Social  |z Brasil 
740 0 |a vLex Libros (Servicio en ln̕ea) 
856 4 0 |u https://app.vlex.com/#/sources/36127  |z Acceso restringido 
942 |c BOOK 
999 0 |a Labor law and social security